| 000 | 00548nam a22001937a 4500 | ||
|---|---|---|---|
| 003 | SISC | ||
| 005 | 20160302094855.0 | ||
| 008 | 130904t xxu||||| |||| 00| 0 eng d | ||
| 020 | _a9789812448620 | ||
| 050 |
_aQA 39.2 _b.D265 2005 |
||
| 082 |
_aHS 512 _bD29 2005 |
||
| 100 |
_aDavison, David M. _916530 |
||
| 245 |
_aPre-Algebra : _btools for a changing world / _cDavid M. Davison. |
||
| 260 |
_bPEARSON, _cc2005. |
||
| 300 |
_a473 p. ; _bill. ; _c26 cm. |
||
| 650 |
_aAlgebra _xstudy and teaching. _916531 |
||
| 942 |
_2lcc _cBK |
||
| 999 |
_c10353 _d10353 |
||